LEADER 01577nam a2200349 u 4500 001 000000009600 003 CaOOAMICUS 005 20070226105225.0 008 940516s1977 fr u000 u fre u 020 $a2-85121-016-5 035 $a10241303 040 $aPUL(R)$bita 100 1 $aDagens, Claude.$0(OLS)http://pul/name/7347 245 10$aSaint Grégoire le Grand :$bculture et expérience chrétiennes /$cClaude Dagens. 260 $aParis :$bEtudes augustiniennes,$c1977. 300 $a475 p. ;$c25 cm 490 1 $aCollection des études augustiniennes.$aSérie Antiquité ;$v71 500 $aComprende indici. 504 $aBibliografia: p. [464]-470. 600 04$aGregorius PP.$bI,$cMagnus, s.,$dc. 540-604.$0(OLS)http://pul/subject/1715 710 2 $aInstitut des études augustiniennes (Parigi).$0(OLS)http://pul/name/79660 830 0$aCollection des études augustiniennes.$pSérie Antiquité ;$v71.$0(OLS)http://pul/title/14078 850 $aPUL 852 $aPUL$W1$xSL Religione 1$y3$m25 F 19$j13610$nBK-PRI$b $qStampati$B13610$CPULBib$Z2$F13610 $H $81 941 1 $a8 960 $aGregorio Magno,$cpapa, s.,$dc.540-604$91715 960 $aGregorio$bI,$cpapa,$dc. 540-604$91715 960 $aPapi (590-604 : Gregorius PP. I)$91715 961 $aINV: 45330 996 $6020$a2-85121-016-5$9(OLS)http://pul/number/12326 996 $6245$aSaint Grégoire le Grand :$bculture et expérience chrétiennes$9(OLS)http://pul/title/14077 996 $6260$aParis :$bEtudes augustiniennes$9(OLS)http://pul/publisher/48226 LEADER 01722nam a2200385 u 4500 001 000000044465 003 CaOOAMICUS 005 20070226114543.0 008 990427s1997 it a u000 u ita u 020 $a887016263X 035 $a10821483 040 $aPUL(R)$bita 041 1 $aita$heng 100 1 $aBainton, Roland Herbert,$d1894-1984.$0(OLS)http://pul/name/5523 240 10$aWomen of the reformation in France and in England.$lItaliano.$0(OLS)http://pul/title/59929 245 10$aDonne della riforma in Inghilterra, in Scozia, in Polonia, in Ungheria e Transilvania, in Danimarca, in Svezia e in Spagna.$nII /$cRoland H. Bainton ; traduzione di Augusto Comba. 260 $aTorino :$bClaudiana,$cc1997. 300 $a360 p. :$bill. ;$c22 cm 490 1 $aRitratti storici 500 $aContiene indici. 504 $aBibliografia in nota. 650 4$aDonna.$0(OLS)http://pul/subject/7073 650 4$aRiforma.$0(OLS)http://pul/subject/330 700 1 $aComba, Augusto.$0(OLS)http://pul/name/19347 830 0$aRitratti storici.$0(OLS)http://pul/title/8164 850 $aPUL 852 $aPUL$W1$xDP1 Cons. Gen., Altre Classi 1$y22$m43 C 205$j59842$nBK-PRI$b $qStampati$B59842$CPULBib$Z2$F59842 $H $81 941 1 $a8 960 $aProtestantesimo$9330 960 $aProtestantesimo$9330 960 $aRiforma protestante$9330 961 $aINV: 77809 996 $6020$a887016263X$9(OLS)http://pul/number/55443 996 $6245$aDonne della riforma in Inghilterra, in Scozia, in Polonia, in Ungheria e Transilvania, in Danimarca, in Svezia e in Spagna.$nII$9(OLS)http://pul/title/59930 996 $6260$aTorino :$bClaudiana$9(OLS)http://pul/publisher/48072